Isneham (Record no. 137048)

MARC details
000 -LEADER
fixed length control field 00488nam a22001817a 4500
003 - CONTROL NUMBER IDENTIFIER
control field OSt
005 - DATE AND TIME OF LATEST TRANSACTION
control field 20250613113016.0
008 - FIXED-LENGTH DATA ELEMENTS--GENERAL INFORMATION
fixed length control field 250613b |||||||| |||| 00| 0 eng d
020 ## - INTERNATIONAL STANDARD BOOK NUMBER
International Standard Book Number 978-81-980722-3-8
040 ## - CATALOGING SOURCE
Transcribing agency SBCL
082 ## - DEWEY DECIMAL CLASSIFICATION NUMBER
Classification number 894.8123
Item number THA-I
100 ## - MAIN ENTRY--PERSONAL NAME
Personal name Thaj, Anjal
245 ## - TITLE STATEMENT
Title Isneham
260 ## - PUBLICATION, DISTRIBUTION, ETC.
Place of publication, distribution, etc. Calicut
Name of publisher, distributor, etc. Mankind
Date of publication, distribution, etc. 2025
300 ## - PHYSICAL DESCRIPTION
Extent 120p.
650 ## - SUBJECT ADDED ENTRY--TOPICAL TERM
Topical term or geographic name entry element Literatures of other languages
942 ## - ADDED ENTRY ELEMENTS (KOHA)
Koha item type BOOK
650 ## - SUBJECT ADDED ENTRY--TOPICAL TERM
Source of heading or term Literature & rhetoric
Form subdivision Altaic, Uralic, Hyperborean & Dravidian
Holdings
Withdrawn status Lost status Source of classification or shelving scheme Damaged status Not for loan Home library Current library Date acquired Cost, normal purchase price Total Checkouts Full call number Barcode Shelving location Date due Date last seen Date last checked out Cost, replacement price Price effective from Koha item type
    Dewey Decimal Classification     SB LIBRARY SB LIBRARY 13/06/2025 220.00 17 894.8123 THA-I 143121 GENERAL STACK 19/06/2026 03/06/2026 03/06/2026 220.00 13/06/2025 BOOK

Powered by Koha